Markets (Record no. 82759)
[ view plain ]
| 000 -LEADER | |
|---|---|
| fixed length control field | 01141cam a22002175a 4500 |
| 001 - CONTROL NUMBER | |
| control field | L151309 |
| 008 - FIXED-LENGTH DATA ELEMENTS--GENERAL INFORMATION | |
| fixed length control field | 101019e20101015xxk 000 0 eng d |
| 035 ## - SYSTEM CONTROL NUMBER | |
| System control number | (Sirsi) u151309 |
| 041 0# - LANGUAGE CODE | |
| Language code of text/sound track or separate title | eng |
| 100 1# - MAIN ENTRY--PERSONAL NAME | |
| Personal name | Eade, Christine |
| 245 00 - TITLE STATEMENT | |
| Title | Markets |
| Remainder of title | Bristol, Bath and Swindon |
| 260 ## - PUBLICATION, DISTRIBUTION, ETC. | |
| Date of publication, distribution, etc. | 2010 |
| 490 #0 - SERIES STATEMENT | |
| Series statement | Property Week |
| Volume/sequential designation | 76 (41) 15 October 2010, 59-76(5) |
| 520 ## - SUMMARY, ETC. | |
| Summary, etc. | BBC's signing of studio lease at Bristol's Paintworks points to Paintworks as location for its planned 2015 office and studio move. Swindon to go ahead with £100m development of derelict Swindon College site. Avonmouth turns down plans for oil refinery and two waste disposal plants to the north-west of Bristol. Banana Republic chooses Union Street traditional location over Bath's new youth-orientated shopping centre. Environment Agency will relocate its national HQ to WestOne in central Bristol at Christmas. Redevelopment rights for riverside Bristol General Hospital available for £7m. |
| 590 ## - LOCAL NOTE (RLIN) | |
| Local note | KA |
| 651 #4 - SUBJECT ADDED ENTRY--GEOGRAPHIC NAME | |
| Geographic name | Bristol |
| 651 #4 - SUBJECT ADDED ENTRY--GEOGRAPHIC NAME | |
| Geographic name | Bath |
| 651 #4 - SUBJECT ADDED ENTRY--GEOGRAPHIC NAME | |
| Geographic name | Swindon |
| 690 ## - LOCAL SUBJECT ADDED ENTRY--TOPICAL TERM (OCLC, RLIN) | |
| Topical term or geographic name as entry element | PROPERTY-COMMERCIAL PROPERTY-COMMERCIAL PROPERTY MARKET |
| 942 ## - ADDED ENTRY ELEMENTS (KOHA) | |
| Suppress in OPAC | 0 |
| Withdrawn status | Lost status | Source of classification or shelving scheme | Damaged status | Not for loan | Home library | Current library | Shelving location | Date acquired | Total Checkouts | Full call number | Barcode | Date last seen | Copy number | Price effective from | Koha item type |
|---|---|---|---|---|---|---|---|---|---|---|---|---|---|---|---|
| Dewey Decimal Classification | London | London | Journal article | 19/10/2010 | L151309 | 151309-1001 | 06/08/2019 | 1 | 06/08/2019 | Journal article |